| 000 | 00489nam a2200193Ia 4500 | ||
|---|---|---|---|
| 005 | 20240823024450.0 | ||
| 008 | 240823s9999||||xx |||||||||||||| ||und|| | ||
| 020 | _a978-93-80228-26-6 | ||
| 041 | _aENGLISH | ||
| 082 | _A658.4 P9 | ||
| 100 | _aPuri C P | ||
| 245 | 0 | _aAgile Management Feature Driven Development | |
| 250 | _a1st | ||
| 260 |
_c2009 _bGlobal India Publication Pv |
||
| 500 | _aYES | ||
| 650 |
_aAgile Management _bManagement Studies |
||
| 942 | _cBK | ||
| 999 |
_c183983 _d183983 |
||